Catálogo
 En Linea

Los derechos sociales de los campesinos. (Registro nro. 15775)

Detalles MARC
000 -CABECERA
campo de control de longitud fija 00626cam a2200193ka 4500
001 - NÚMERO DE CONTROL
campo de control 000016238
003 - IDENTIFICADOR DEL NÚMERO DE CONTROL
campo de control UkOxU
005 - FECHA Y HORA DE LA ÚLTIMA TRANSACCIÓN
campo de control 20200929164331.0
008 - DATOS DE LONGITUD FIJA--INFORMACIÓN GENERAL
campo de control de longitud fija 500101s1928 xx 000 0 und d
035 ## - NÚMERO DE CONTROL DEL SISTEMA
Número de control de sistema OCLC pks02310629 from D941118K
040 ## - FUENTE DE LA CATALOGACIÓN
Centro catalogador/agencia de origen DO-SdBNP
Centro/agencia transcriptor EQO
082 ## - NÚMERO DE LA CLASIFICACIÓN DECIMAL DEWEY
Número de clasificación D0502001803
100 1# - ENTRADA PRINCIPAL--NOMBRE DE PERSONA
Nombre de persona Bernaldo de Quirós, Constancio,
Fechas asociadas al nombre 1873-1959.
9 (RLIN) 30005
245 14 - MENCIÓN DE TÍTULO
Título Los derechos sociales de los campesinos.
260 ## - PUBLICACIÓN, DISTRIBUCIÓN, ETC.
Lugar de publicación, distribución, etc. Madrid,
Fecha de publicación, distribución, etc. (1928).
440 #0 - MENCIÓN DE SERIE/PUNTO DE ACCESO ADICIONAL--TÍTULO
Título Bibl. Marvá ;
Designación de volumen o secuencia vol. 4
9 (RLIN) 36293
852 ## - LOCALIZACIÓN
-- 12790877
-- In place
-- 502001804
910 ## - DATOS DE OPCIÓN DEL USUARIO (OCLC)
Datos de opción del usuario Catalogación derivada
Existencias
Estado de retiro Estado de pérdida Restricciones de uso No para préstamo Código de colección Localización permanente Ubicación/localización actual Ubicación en estantería Fecha de adquisición Número de inventario Total de préstamos Signatura topográfica completa Código de barras Fecha visto por última vez Precio válido a partir de Tipo de ítem Koha
      Excluido de préstamo Monografías: Libros y Folletos General General En catalogación 01.03.2010 LF1   D0502001803 16238-10 25.06.2020 25.06.2020 No se presta

Con tecnología Koha